| 000 | 00771nam a2200241 i 4500 | ||
|---|---|---|---|
| 001 | 10404 | ||
| 003 | ES-MaACL | ||
| 005 | 20250830053605.0 | ||
| 007 | t| | ||
| 008 | 950607s1970 sp |||| | spa d | ||
| 080 | _a221.017 | ||
| 100 | 1 |
_aGarcía Cordero, Maximiliano. _954383 |
|
| 245 | 1 | 0 |
_aTeología de la Biblia. _nI, _pAntiguo Testamento / _cpor Maximiliano García Cordero. |
| 260 |
_aMadrid : _b[La Editorial Católica], _c1970. |
||
| 300 |
_aXIX, 748 p. ; _c20 cm. |
||
| 490 | 1 |
_aBiblioteca de autores cristianos ; _v307 |
|
| 500 | _aÍndices. | ||
| 504 | _aBibliografía : p. [XV]-XVII. | ||
| 650 | 0 | 7 |
_aTeología bíblica _2embne _917465 |
| 830 | 0 | 0 |
_aBiblioteca de autores cristianos _v307 _9178679 |
| 852 |
_aES-MaACL _jJ-301 |
||
| 999 |
_c10404 _d10404 |
||